[Event "25. Torneo San Viator 2015"]
[Site "Madrid ESP"]
[Date "2015.11.15"]
[Round "8.12"]
[White "Clavero Alarcon, Jose Miguel"]
[Black "Del Noval Nemeshazi, Nesztor"]
[Result "0-1"]
[WhiteElo "1873"]
[BlackElo "1810"]
[PlyCount "108"]
[EventDate "2015.10.04"]
[EventType "swiss"]
[EventRounds "9"]
[EventCountry "ESP"]
[Source "lmi"]
[SourceDate "2015.10.04"]

1. c4 Nf6 2. g3 g6 3. Bg2 d5 4. cxd5 Nxd5 5. Nc3 Nxc3 6. bxc3 Bg7 7. Rb1 Nc6 8.
Nf3 O-O 9. O-O Na5 10. Nd4 c5 11. Nb3 Nxb3 12. Qxb3 Rb8 13. a4 Qc7 14. d4 cxd4
15. cxd4 Bxd4 16. Bh6 Bg7 17. Rfc1 Qa5 18. Be3 Bf5 19. Rc5 Qa6 20. Rd1 b6 21.
Bf4 bxc5 22. Bxb8 Qxe2 23. Bf3 Qc2 24. Qb7 Bd4 25. Rxd4 cxd4 26. Be5 Qb1+ 27.
Qxb1 Bxb1 28. Bxd4 Bc2 29. a5 a6 30. Kf1 Bd3+ 31. Ke1 Bb5 32. Kd2 Re8 33. Bb6
e5 34. Bd5 Kg7 35. Kc3 f5 36. Kb4 Kf6 37. Kc5 Rc8+ 38. Kd6 g5 39. Bb7 Re8 40.
h4 h6 41. hxg5+ hxg5 42. Bd5 f4 43. gxf4 exf4 44. f3 Kf5 45. Bf7 Re3 46. Bh5
Be2 47. Bg4+ Kg6 48. Kc7 Bxf3 49. Bxf3 Rxf3 50. Kb7 g4 51. Kxa6 Ra3 52. Kb5 g3
53. Kb4 Rxa5 54. Bxa5 f3 0-1

[Event "25. Torneo San Viator 2015"]
[Site "Madrid ESP"]
[Date "2015.11.15"]
[Round "8.13"]
[White "Gil Sierra, Jacinto"]
[Black "Luna Hermoso, Angel"]
[Result "1-0"]
[WhiteElo "1965"]
[BlackElo "1919"]
[PlyCount "71"]
[EventDate "2015.10.04"]
[EventType "swiss"]
[EventRounds "9"]
[EventCountry "ESP"]
[Source "lmi"]
[SourceDate "2015.10.04"]

1. e4 g5 2. d4 Bg7 3. c3 c5 4. dxc5 h6 5. Be3 Nc6 6. Nd2 Qc7 7. Ngf3 Nf6 8. Nd4
Nxd4 9. cxd4 O-O 10. Be2 d6 11. Rc1 dxc5 12. Rxc5 Qd8 13. O-O b6 14. Rc1 Bb7
15. f3 Rc8 16. Qa4 Nh5 17. Nb3 Nf4 18. Ba6 Bxa6 19. Qxa6 Qd7 20. g3 b5 21. gxf4
gxf4 22. Bf2 Qh3 23. Nd2 Rcd8 24. Qxb5 e5 25. d5 f5 26. Qd3 fxe4 27. Nxe4 Rf5
28. Rc7 Kh8 29. Bxa7 Rg8 30. Rf2 Bf6+ 31. Kh1 Bh4 32. Qf1 Bxf2 33. Qxf2 Rff8
34. Bd4 Qf5 35. Qh4 h5 36. Bc3 1-0

[Event "25. Torneo San Viator 2015"]
[Site "Madrid ESP"]
[Date "2015.11.15"]
[Round "8.14"]
[White "Lozano Osorio, Isaac"]
[Black "Jimenez Elices, Jose Maria"]
[Result "1-0"]
[WhiteElo "1947"]
[BlackElo "1883"]
[PlyCount "107"]
[EventDate "2015.10.04"]
[EventType "swiss"]
[EventRounds "9"]
[EventCountry "ESP"]
[Source "lmi"]
[SourceDate "2015.10.04"]

1. d4 d5 2. g3 Nf6 3. Nf3 Bf5 4. c4 e6 5. Nc3 c6 6. Bg2 Be7 7. O-O O-O 8. Qb3
Qb6 9. c5 Qa6 10. Nh4 Nbd7 11. Nxf5 exf5 12. Qc2 g6 13. a3 b6 14. b4 Qc4 15. e3
Ne4 16. Bd2 Ndf6 17. Rfc1 Nxc3 18. Bxc3 Qa6 19. cxb6 axb6 20. Bb2 Rac8 21. Bf1
Qa7 22. Qd3 Ne4 23. Rc2 Nd6 24. Qa6 Qxa6 25. Bxa6 Rc7 26. Rac1 Ra8 27. Bd3 Rac8
28. b5 c5 29. dxc5 Rxc5 30. Rxc5 bxc5 31. a4 c4 32. Be2 Nb7 33. Bf3 Nc5 34.
Bxd5 Nxa4 35. Bd4 c3 36. Bb3 Nb2 37. Rxc3 Rxc3 38. Bxc3 Nd3 39. b6 Bd6 40. f4
Kf8 41. Ba4 Ke7 42. Kf1 Nc5 43. Bc6 Nd7 44. b7 Nb8 45. Bb5 f6 46. Ke2 h5 47. h4
Bc5 48. Kd3 Bd6 49. Kc4 g5 50. hxg5 fxg5 51. fxg5 Bxg3 52. g6 h4 53. g7 Kf7 54.
Kd3 1-0

[Event "25. Torneo San Viator 2015"]
[Site "Madrid ESP"]
[Date "2015.11.15"]
[Round "8.15"]
[White "Lopez Ziegler, Carlos"]
[Black "Castro Morell, Daniel Eduardo"]
[Result "1-0"]
[WhiteElo "1925"]
[BlackElo "1858"]
[PlyCount "81"]
[EventDate "2015.10.04"]
[EventType "swiss"]
[EventRounds "9"]
[EventCountry "ESP"]
[Source "lmi"]
[SourceDate "2015.10.04"]

1. e4 c5 2. Nc3 Nc6 3. f4 d6 4. Bb5 Bd7 5. Nf3 e6 6. O-O Nf6 7. d3 Qb6 8. Kh1
Ng4 9. a4 h5 10. a5 Qc7 11. d4 cxd4 12. Nxd4 a6 13. Nxc6 axb5 14. Nd4 b4 15.
Nce2 Rxa5 16. Bd2 d5 17. exd5 exd5 18. Rxa5 Qxa5 19. Qe1 Be7 20. Ng3 g6 21. f5
Qc5 22. Nb3 Qd6 23. f6 Nxf6 24. Bg5 O-O 25. Nd4 Ne4 26. Bf4 Nxg3+ 27. Qxg3 Qf6
28. Rd1 Bg4 29. Re1 Bc5 30. Be5 Qb6 31. c3 Re8 32. h3 Bd7 33. Rf1 bxc3 34. bxc3
Bf8 35. Rf6 Qb1+ 36. Kh2 Bg7 37. Nf3 Qe4 38. Bd4 Bf5 39. Rxf7 Bxd4 40. Nxd4 Qe3
41. Rxf5 1-0

[Event "25. Torneo San Viator 2015"]
[Site "Madrid ESP"]
[Date "2015.11.15"]
[Round "8.16"]
[White "Yeves Miquel, Enrique"]
[Black "Garcia Martin, Esteban"]
[Result "0-1"]
[WhiteElo "1758"]
[BlackElo "1903"]
[PlyCount "114"]
[EventDate "2015.10.04"]
[EventType "swiss"]
[EventRounds "9"]
[EventCountry "ESP"]
[Source "lmi"]
[SourceDate "2015.10.04"]

1. d4 Nf6 2. c4 e5 3. dxe5 Ng4 4. Bf4 g5 5. Bg3 Bg7 6. Nf3 Nc6 7. Nc3 Ngxe5 8.
Nxe5 Nxe5 9. e3 d6 10. h4 g4 11. h5 h6 12. Be2 Be6 13. Qb3 c6 14. Rd1 Qc7 15.
Qb4 a5 16. Qa4 O-O 17. Ne4 Rad8 18. Bh4 f6 19. O-O d5 20. cxd5 Bxd5 21. Ng3 Qf7
22. b3 b5 23. Qf4 Be6 24. Qe4 a4 25. bxa4 bxa4 26. Qxa4 Ra8 27. Qb4 Rxa2 28.
Ra1 Rfa8 29. Rxa2 Rxa2 30. Qb8+ Qf8 31. Qc7 Qc8 32. Qe7 Qd7 33. Bxf6 Qxe7 34.
Bxe7 Kf7 35. Bd6 Bd5 36. Rc1 Ke6 37. Bc5 Bf6 38. Kf1 Bh4 39. e4 Bb3 40. Nf5 Bg5
41. Nd4+ Kf6 42. Nxb3 Bxc1 43. Nxc1 Ra1 44. Be3 c5 45. f3 g3 46. f4 Nc6 47. e5+
Kf7 48. Bc4+ Kg7 49. Ke1 Nd4 50. Kd2 Nf5 51. Bxc5 Ra5 52. Bb6 Ra4 53. Kd3 Ra3+
54. Nb3 Ra2 55. Bd5 Nh4 56. Nd4 Rb2 57. Bd8 Nxg2 0-1

[Event "25. Torneo San Viator 2015"]
[Site "Madrid ESP"]
[Date "2015.11.15"]
[Round "8.17"]
[White "Cano Mercado, Francisco Manuel"]
[Black "Sirera Ripoll, Jose Luis"]
[Result "1-0"]
[WhiteElo "1885"]
[BlackElo "1749"]
[PlyCount "77"]
[EventDate "2015.10.04"]
[EventType "swiss"]
[EventRounds "9"]
[EventCountry "ESP"]
[Source "lmi"]
[SourceDate "2015.10.04"]

1. d4 Nf6 2. Bg5 g6 3. Bxf6 exf6 4. e3 d5 5. c4 Bg7 6. cxd5 Qxd5 7. Nc3 Qa5 8.
Nf3 O-O 9. Be2 Be6 10. O-O f5 11. Ng5 Bd7 12. Bc4 h6 13. Nxf7 Rxf7 14. Qb3 Nc6
15. Bxf7+ Kh7 16. Qd5 Rd8 17. Qxa5 Nxa5 18. b4 Nc6 19. a3 Ne7 20. Rfd1 c6 21.
Rac1 Bc8 22. h4 Bf6 23. g3 Kg7 24. Bb3 b6 25. d5 Bb7 26. dxc6 Rxd1+ 27. Rxd1
Bxc6 28. Nd5 Nxd5 29. Bxd5 Be8 30. Rc1 Be5 31. Rc8 Bd7 32. Ra8 Bb5 33. Rxa7+
Kh8 34. a4 Bd3 35. Rb7 Bc2 36. Bc6 Be4 37. Bxe4 fxe4 38. Rxb6 Bc3 39. a5 1-0

[Event "25. Torneo San Viator 2015"]
[Site "Madrid ESP"]
[Date "2015.11.15"]
[Round "8.18"]
[White "Alonso Penalver, Angel"]
[Black "Jimenez Gonzalez, Marcos"]
[Result "0-1"]
[WhiteElo "1676"]
[BlackElo "1849"]
[PlyCount "85"]
[EventDate "2015.10.04"]
[EventType "swiss"]
[EventRounds "9"]
[EventCountry "ESP"]
[Source "lmi"]
[SourceDate "2015.10.04"]

1. e4 e5 2. Nf3 Nc6 3. Bb5 a6 4. Ba4 d6 5. d4 exd4 6. Nxd4 Bd7 7. Nc3 Nf6 8.
Bg5 Be7 9. Bxc6 bxc6 10. O-O O-O 11. Qf3 h6 12. Bh4 Nh7 13. Bxe7 Qxe7 14. Nf5
Qf6 15. Rad1 Rfe8 16. Nd4 Qxf3 17. Nxf3 Ng5 18. Nxg5 hxg5 19. Rd2 Re5 20. f3
Rae8 21. Kf2 g6 22. Rfd1 f5 23. b3 R8e7 24. g3 Rf7 25. f4 gxf4 26. gxf4 fxe4
27. Ke3 Ree7 28. Rg2 Bf5 29. Rd4 Rh7 30. Ne2 Rh3+ 31. Ng3 Reh7 32. Rdd2 d5 33.
Kd4 Kf7 34. a4 Kf6 35. Kc5 e3 36. Rde2 Re7 37. Nxf5 Kxf5 38. Rg5+ Kxf4 39. Rxg6
Kf3 40. Rgg2 Rg7 41. Rxg7 Kxe2 42. Rg2+ Kd1 43. c3 0-1

[Event "25. Torneo San Viator 2015"]
[Site "Madrid ESP"]
[Date "2015.11.15"]
[Round "8.19"]
[White "Sanchez Gomez, Emiliano"]
[Black "Rodriguez Romero, Martin"]
[Result "1-0"]
[WhiteElo "1801"]
[BlackElo "1651"]
[PlyCount "85"]
[EventDate "2015.10.04"]
[EventType "swiss"]
[EventRounds "9"]
[EventCountry "ESP"]
[Source "lmi"]
[SourceDate "2015.10.04"]

1. e4 d6 2. d4 Nf6 3. Bd3 g6 4. Nf3 Bg7 5. O-O O-O 6. Re1 c5 7. c3 Bg4 8. h3
Bxf3 9. Qxf3 Nc6 10. Be3 Nd7 11. dxc5 dxc5 12. Qe2 e5 13. a4 a6 14. Na3 Qe7 15.
f3 Rfd8 16. Red1 Nf8 17. Qf2 Ne6 18. Bc4 Rac8 19. g3 Bf8 20. Kg2 Na5 21. Bd5
Nc7 22. Ba2 b5 23. axb5 axb5 24. Nc2 Nc6 25. h4 Ne6 26. Bd5 Kh8 27. Rh1 Qf6 28.
Ra6 Nb8 29. Ra5 b4 30. Rha1 Rd7 31. Ne1 Nc7 32. Bc4 Nc6 33. R1a2 Qe7 34. Nd3
Ne6 35. Bd5 f5 36. Ra6 Ncd8 37. Nxe5 Nc7 38. Nxd7 Nxa6 39. Nxf8 Nb8 40. Bg5
Qxf8 41. Ra7 Nbc6 42. Qxc5 Qe8 43. Bf6# 1-0

[Event "25. Torneo San Viator 2015"]
[Site "Madrid ESP"]
[Date "2015.11.15"]
[Round "8.21"]
[White "Blanco Diez, David"]
[Black "Linares Leyva, David"]
[Result "1/2-1/2"]
[WhiteElo "1719"]
[BlackElo "1773"]
[PlyCount "96"]
[EventDate "2015.10.04"]
[EventType "swiss"]
[EventRounds "9"]
[EventCountry "ESP"]
[Source "lmi"]
[SourceDate "2015.10.04"]

1. d4 Nf6 2. c4 c5 3. d5 b5 4. cxb5 a6 5. bxa6 g6 6. Nc3 Bxa6 7. g3 d6 8. Nf3
Bg7 9. Bg2 Nbd7 10. Rb1 O-O 11. O-O Qa5 12. Bd2 Rfb8 13. Qc2 Ng4 14. b3 Nge5
15. Nxe5 Nxe5 16. a4 Qb6 17. Rfe1 Ra7 18. h3 Rab7 19. Kh2 Qc7 20. f4 Nd7 21. e4
c4 22. b4 Ra7 23. b5 Bc8 24. b6 Rxb6 25. Nb5 Rxb5 26. axb5 Nb6 27. Bc3 Qc5 28.
Bxg7 Kxg7 29. Qc3+ f6 30. Qe3 Qxe3 31. Rxe3 Ra2 32. Rc3 Bd7 33. Kg1 Ra5 34. Bf1
Bxb5 35. Rb4 f5 36. Bxc4 Nxc4 37. Rcxc4 Bxc4 38. Rxc4 Kf6 39. exf5 Rxd5 40.
fxg6 hxg6 41. Kf2 Rd3 42. Re4 e6 43. Re3 Rd2+ 44. Re2 Rd1 45. Kf3 Kf5 46. g4+
Kf6 47. Re3 Rf1+ 48. Kg3 Rd1 1/2-1/2

[Event "25. Torneo San Viator 2015"]
[Site "Madrid ESP"]
[Date "2015.11.15"]
[Round "8.22"]
[White "Luque Ibanez, Manuel"]
[Black "Fernandez Garcia, Emilio"]
[Result "1-0"]
[WhiteElo "2008"]
[BlackElo "1686"]
[PlyCount "75"]
[EventDate "2015.10.04"]
[EventType "swiss"]
[EventRounds "9"]
[EventCountry "ESP"]
[Source "lmi"]
[SourceDate "2015.10.04"]

1. e4 g6 2. d4 Bg7 3. Nc3 d6 4. Be3 a6 5. Qd2 Nd7 6. f3 c6 7. Nge2 e5 8. O-O-O
Ngf6 9. d5 c5 10. Bh6 O-O 11. h4 b5 12. Ng3 b4 13. Nce2 Qa5 14. Kb1 c4 15. Bxg7
Kxg7 16. Nc1 Nb6 17. Qe3 Bd7 18. h5 Rac8 19. Be2 Na4 20. h6+ Kh8 21. Ka1 Bb5
22. Nf5 Qd8 23. Ng3 c3 24. b3 Nc5 25. Qg5 Ncd7 26. Nf5 Qb6 27. a4 bxa3 28. Ka2
Bxe2 29. Nxe2 Rc5 30. Rhe1 Rb8 31. Rd3 Qc7 32. Ne7 a5 33. Nc6 Rbb5 34. Nxc3 Rb7
35. Re2 Rxc6 36. dxc6 Qxc6 37. Nd5 Nxd5 38. Qd8+ 1-0

[Event "25. Torneo San Viator 2015"]
[Site "Madrid ESP"]
[Date "2015.11.15"]
[Round "8.23"]
[White "Quijano Cabrera, Adelardo"]
[Black "Guillo Longares, Cecilia"]
[Result "0-1"]
[WhiteElo "1651"]
[BlackElo "1809"]
[PlyCount "74"]
[EventDate "2015.10.04"]
[EventType "swiss"]
[EventRounds "9"]
[EventCountry "ESP"]
[Source "lmi"]
[SourceDate "2015.10.04"]

1. d4 Nf6 2. c4 c5 3. d5 e6 4. Nc3 exd5 5. cxd5 d6 6. e4 g6 7. f4 Bg7 8. e5 Qe7
9. Nb5 O-O 10. Nxd6 Bg4 11. Be2 Bxe2 12. Qxe2 Nxd5 13. Qc4 Bxe5 14. fxe5 Qxe5+
15. Ne4 Re8 16. Nf3 Qxe4+ 17. Qxe4 Rxe4+ 18. Kf2 Nc6 19. Bg5 Ndb4 20. Rhd1 Rae8
21. Rd2 c4 22. Rd7 b5 23. Bf6 Nd3+ 24. Kg3 h5 25. h3 Re2 26. Ng5 Ne7 27. Rf1
Nf5+ 28. Rxf5 gxf5 29. Rxf7 R8e3+ 30. Kh2 Nf4 31. Rg7+ Kf8 32. Nh7+ Ke8 33.
Rg8+ Kd7 34. Nf8+ Kc6 35. Rg3 Rxg3 36. Kxg3 Nxg2 37. Kf3 Rc2 0-1

[Event "25. Torneo San Viator 2015"]
[Site "Madrid ESP"]
[Date "2015.11.15"]
[Round "8.24"]
[White "Escribano Serrano, Pedro"]
[Black "Gil Calvente, Jose Antonio"]
[Result "0-1"]
[WhiteElo "1802"]
[BlackElo "1723"]
[PlyCount "122"]
[EventDate "2015.10.04"]
[EventType "swiss"]
[EventRounds "9"]
[EventCountry "ESP"]
[Source "lmi"]
[SourceDate "2015.10.04"]

1. d4 Nf6 2. e3 d5 3. Bd3 c5 4. c3 Nc6 5. f4 Bg4 6. Nf3 e6 7. O-O Be7 8. Nbd2
Bf5 9. Bxf5 exf5 10. Ne5 Ne4 11. Nxe4 fxe4 12. Qg4 O-O 13. Qe2 f6 14. Nxc6 bxc6
15. f5 Bd6 16. Qg4 c4 17. h4 Qc7 18. b3 Qa5 19. b4 Qa4 20. Qd1 Qxd1 21. Rxd1
Rfb8 22. Bd2 h5 23. Rdb1 Rb7 24. Be1 Rab8 25. Rc1 Kf7 26. Bd2 g6 27. Rf1 Ra8
28. Be1 g5 29. a3 Rg8 30. Ra2 Kg7 31. hxg5 fxg5 32. g3 Kf6 33. Kg2 g4 34. Rb2
Rg5 35. Rbf2 a6 36. Rh1 Rh7 37. Rhf1 h4 38. Rb2 hxg3 39. Bxg3 Bxg3 40. Kxg3
Rh3+ 41. Kg2 Rgh5 42. Rbb1 Rxe3 43. Rh1 Reh3 44. Rxh3 Rxh3 45. Rc1 Kxf5 46. a4
Kf4 47. Rf1+ Rf3 48. Rh1 Rxc3 49. Rh6 Rc2+ 50. Kf1 Ke3 51. Rxc6 Kxd4 52. Rxa6
e3 53. Re6 Kd3 54. b5 e2+ 55. Kf2 g3+ 56. Kxg3 Rb2 57. Kf2 d4 58. b6 c3 59. a5
c2 60. Rc6 Kd2 61. Re6 c1=Q 0-1

[Event "25. Torneo San Viator 2015"]
[Site "Madrid ESP"]
[Date "2015.11.15"]
[Round "8.25"]
[White "Lopez Ziegler, Juan Jose"]
[Black "Barranco Martinez, Gabriel"]
[Result "1-0"]
[WhiteElo "1543"]
[BlackElo "1752"]
[PlyCount "89"]
[EventDate "2015.10.04"]
[EventType "swiss"]
[EventRounds "9"]
[EventCountry "ESP"]
[Source "lmi"]
[SourceDate "2015.10.04"]

1. d4 Nf6 2. Nf3 e6 3. Bf4 c5 4. e3 Nc6 5. Nbd2 Qb6 6. Nc4 Qd8 7. c3 d5 8. Nce5
cxd4 9. exd4 a6 10. Bd3 h6 11. h3 Nxe5 12. Nxe5 Be7 13. O-O O-O 14. Re1 Bd6 15.
Qf3 Nh7 16. Qg3 Qf6 17. Bd2 Kh8 18. Re3 Bxe5 19. Rxe5 Qe7 20. h4 f6 21. Qg6 f5
22. Bxf5 Rxf5 23. Qxf5 Qxh4 24. Qf7 Nf6 25. f3 Bd7 26. Rd1 Rg8 27. Be1 Qf4 28.
Qg6 Be8 29. Qg3 Qxg3 30. Bxg3 Bf7 31. Rde1 Re8 32. Kf2 Nd7 33. R5e3 Kh7 34. Be5
g5 35. g4 Nf8 36. f4 Kg6 37. Kg3 Nh7 38. Rf3 gxf4+ 39. Rxf4 Ng5 40. Re2 b5 41.
Kh4 Nh7 42. Ref2 Ng5 43. Rf6+ Kg7 44. Rxe6+ Kh7 45. Rxf7+ 1-0

[Event "25. Torneo San Viator 2015"]
[Site "Madrid ESP"]
[Date "2015.11.15"]
[Round "8.26"]
[White "De La Torre Palomino, Luis"]
[Black "Ingunza Curro, Andres"]
[Result "1-0"]
[WhiteElo "1603"]
[BlackElo "1459"]
[PlyCount "61"]
[EventDate "2015.10.04"]
[EventType "swiss"]
[EventRounds "9"]
[EventCountry "ESP"]
[Source "lmi"]
[SourceDate "2015.10.04"]

1. e4 c5 2. Nf3 d6 3. d4 cxd4 4. Nxd4 Nf6 5. Nc3 g6 6. Be3 Bg7 7. f3 O-O 8. Bc4
Nc6 9. Qd2 Bd7 10. O-O-O Rc8 11. Bb3 Ne5 12. Qe2 a6 13. f4 Neg4 14. Bd2 e5 15.
Nf3 b5 16. a3 exf4 17. Bxf4 Ne8 18. Nd4 Bxd4 19. Rxd4 Qf6 20. Qd2 Bc6 21. h3
Ne5 22. Bh6 Ng7 23. Bg5 Nd3+ 24. Rxd3 Qe5 25. Bf4 Qh5 26. g4 Qc5 27. Bxd6 Qb6
28. Bxf8 Rxf8 29. Rf1 Ne8 30. Rdf3 Qb8 31. Rxf7 1-0

[Event "25. Torneo San Viator 2015"]
[Site "Madrid ESP"]
[Date "2015.11.15"]
[Round "8.27"]
[White "Lopez Benitez, David"]
[Black "Garcia Sanjuan, Jose"]
[Result "0-1"]
[WhiteElo "1731"]
[BlackElo "1850"]
[PlyCount "128"]
[EventDate "2015.10.04"]
[EventType "swiss"]
[EventRounds "9"]
[EventCountry "ESP"]
[Source "lmi"]
[SourceDate "2015.10.04"]

1. d4 b6 2. e4 Bb7 3. Bd3 e6 4. Nf3 Nf6 5. Bg5 h6 6. Bxf6 gxf6 7. Nbd2 Rg8 8.
g3 d5 9. Qe2 a6 10. c3 c5 11. b3 b5 12. Rb1 Qc7 13. O-O Nd7 14. Rfc1 dxe4 15.
Bxe4 Bxe4 16. Nxe4 f5 17. Ned2 f4 18. Re1 fxg3 19. hxg3 Nf6 20. Qe5 Qxe5 21.
dxe5 Nd5 22. c4 Nb4 23. Ne4 Be7 24. Nc3 bxc4 25. bxc4 Rg4 26. Nd2 Rd8 27. Re2
h5 28. Kg2 Nd3 29. Kh3 Nb4 30. Rb2 Nc6 31. f3 Rgd4 32. f4 h4 33. Nce4 hxg3 34.
Kxg3 Rd3+ 35. Kg4 Kd7 36. Nb3 Rg8+ 37. Ng5 Kc7 38. Rh2 Rc3 39. Rbc2 Rxc2 40.
Rxc2 Bxg5 41. fxg5 Nxe5+ 42. Kf4 Nd7 43. Rh2 Rg7 44. a4 Kc6 45. a5 Nf8 46. Rh6
Ng6+ 47. Ke4 Ne7 48. Rf6 Nc8 49. Nd2 Rxg5 50. Kf4 Rg7 51. Ne4 Nd6 52. Nxd6 Kxd6
53. Rh6 f5 54. Ke3 Rg3+ 55. Kf4 Rc3 56. Rh1 Rxc4+ 57. Kg5 Ra4 58. Kf6 Rxa5 59.
Rd1+ Kc7 60. Kxe6 c4 61. Rd7+ Kc8 62. Kd6 Rd5+ 63. Kxd5 Kxd7 64. Kxc4 Ke6 0-1

[Event "25. Torneo San Viator 2015"]
[Site "Madrid ESP"]
[Date "2015.11.15"]
[Round "8.28"]
[White "Miguens Mata, Jose L"]
[Black "Fernandez Rios, Jose Francisco"]
[Result "1/2-1/2"]
[WhiteElo "1526"]
[BlackElo "1756"]
[PlyCount "62"]
[EventDate "2015.10.04"]
[EventType "swiss"]
[EventRounds "9"]
[EventCountry "ESP"]
[Source "lmi"]
[SourceDate "2015.10.04"]

1. e4 c5 2. Nf3 g6 3. Nc3 Bg7 4. Bc4 Nc6 5. d3 Na5 6. Bb3 Nxb3 7. axb3 d6 8.
O-O Nf6 9. h3 O-O 10. Be3 Bd7 11. Qc1 b5 12. Ne2 Qc7 13. Bh6 c4 14. bxc4 bxc4
15. Bxg7 Kxg7 16. Nc3 Rfb8 17. Rb1 cxd3 18. cxd3 a5 19. b3 Rc8 20. Na4 Rab8 21.
Nd2 Bb5 22. Qxc7 Rxc7 23. Nc4 Bxa4 24. bxa4 Rxb1 25. Rxb1 Nxe4 26. Nxa5 Nc3 27.
Rb4 Ra7 28. Nc6 Rxa4 29. Rxa4 Nxa4 30. Nxe7 Kf6 31. Nc6 Nc5 1/2-1/2